000 00537nam a2200205Ia 4500
005 20230201135814.0
008 131103s9999 xx 000 0 und d
020 _aSBN 41641846
_cGBP 2.20
040 _aLoreto College
041 _aEnglish
082 _a882
_bSOP
100 _aWebster,T.B.L.
245 3 _aAn introduction to Sophocles
_cT.B.L.Webster
260 _aLondon
_bMethuen
_c1969
300 _ax,220 p.
504 _aIncludes appendix and index
650 _aSophocles,4496 -406 B.C.
850 _aLCLIB
942 _cBK
999 _c5871
_d56350